000 01733nam a22002417a 4500
999 _c62745
_d62745
003 Ge_BSU
005 20250204165926.0
008 250204s2013 ge ||||| |||| 00| 0 geo d
020 _a9789941179754
041 _ageo
080 _a378.147: 371.315.7 ე-54
245 _aელექტრონული სწავლება MOODLE სისტემის გამოყენებით :
_b მეთოდ. მითითებანი /
_cვერონიკა როგალევიჩი, მანუჩარ ლორია, ზვიად ბერაძე, დავით აბუსერიძე ; რედ. მაარიკა მილი.
264 _aტალინი - ბათუმი
_bუნივერსალი,
_c2013.
300 _a99 გვ. :
_b სურ. ;
_c20 სმ.
653 _aპროგრამული სწავლება უმაღლეს სკოლებში
700 _aროგალევიჩი, ვერონიკა
_e ავტორი
_924254
700 _aლორია, მანუჩარ
_e ავტორი
_92194
700 _aბერაძე, ზვიად
_e ავტორი
_924255
700 _aაბუსერიძე, დავით
_e ავტორი
_924256
700 _aმილი, მაარიკა
_eრედაქტორი
_924257
710 _aტალინის უნ-ტი.
_bბათუმის შოთა რუსთაველის სახელმწ. უნ-ტი. საინფორმ. ტექნოლოგიებისა და კომუნიკაციების სამსახური.
_924258
942 _2udc
_cᲬᲘᲒᲜᲘ